Normal view
MARC view
- Scott, Michael
Entry Personal Name
001 - CONTROL NUMBER
- control field: 64862
003 - CONTROL NUMBER IDENTIFIER
- control field: NUST
005 - DATE AND TIME OF LATEST TRANSACTION
- control field: 20210628203337.0
008 - FIXED-LENGTH DATA ELEMENTS
- fixed length control field: 210628|| aca||aabn | a|a d
040 ## - CATALOGING SOURCE
- Original cataloging agency: NUST
- Transcribing agency: NUST
100 ## - HEADING--PERSONAL NAME
- Personal name: Scott, Michael
670 ## - SOURCE DATA FOUND
- Source citation: Work cat.: (NUST): Scott, Michael, The birthday party the caretaker teh homecoming, harold pinter, 1986
